| 000 | 00829nam a2200217Ii 4500 | ||
|---|---|---|---|
| 003 | JO-AjNU | ||
| 008 | 230605s9999||||xx |||||||||||||| ||und|| | ||
| 017 | _a1998/9/1406 | ||
| 040 |
_aJO-AjNU _bara _erda _cJO-AjNU |
||
| 041 | _aara | ||
| 050 | 1 | 4 | _aLB1026.A28 1999 |
| 100 | 3 |
_aابو جابر، ماجد عبد الكريم، م مشارك حسين عبد الطيف بعاره , _eauthor _957681 |
|
| 245 | 0 | 0 | _aالتربيه العمليه الميدانيه لطلبة كلية العلوم التربويه |
| 250 | _aط1 | ||
| 264 | 3 | 1 | _aعمان: دار الضياء للنشر 1999 |
| 300 |
_a196ص _bيحتوي على صور |
||
| 336 |
_atext _btxt _2rdacontent |
||
| 337 |
_aunmediated _bn _2rdamedia |
||
| 338 |
_avolume _bnc _2rdacarrier |
||
| 650 | 4 |
_aالتعليم العالي-تدريب مهني _957682 |
|
| 999 |
_aA25863 _c29431 _d29431 |
||